|
|
|
|
| LEADER |
00000csc a2200000 a 4500 |
| 001 |
68815 |
| 003 |
Ucuenca |
| 005 |
20231129062904.0 |
| 008 |
000121|1998 ||||||||r|||||||||||spa|| |
| 020 |
|
|
|a 84-7509-536-4
|
| 040 |
|
|
|b spa
|
| 041 |
1 |
|
|a es
|
| 082 |
0 |
|
|a 501
|
| 100 |
1 |
|
|a Feyerabend, Paul K.
|d 1924-1994
|9 1150
|
| 245 |
|
|
|a Límites de la ciencia: explicación, reducción y empirismo
|c Paul K. Feyerabend, dirigida por Manuel Cruz
|h imp
|
| 264 |
|
|
|a Barcelona
|b Paidós
|c 1998
|
| 300 |
|
|
|a 155 páginas:
|c 20 cm
|
| 490 |
|
|
|a Pensamiento Contemporáneo
|n no. 3
|
| 504 |
|
|
|a incl. ref.
|
| 520 |
3 |
|
|a Contiene: Introducción: pluralismo teórico y límites de la ciencia.--Explicación, reducción y empirismo: Dos supuestos del empirismo contemporáneo.-Crítica de la reducción o explicación por derivación.-Razones de fracaso.-Consideraciones metodológicas -Crítica del supuesto de la invarianza del significado.-Resumen y conclusión.
|
| 650 |
|
7 |
|a Ciencia
|9 296
|
| 650 |
|
0 |
|a Filosofía de la acción
|9 240
|
| 650 |
|
0 |
|a Empirismo
|9 232
|
| 852 |
|
|
|a UC-CDJBV
|f Compra
|l 1
|m General
|p 20001214
|q 14,55
|r 2
|t 68815
|b 0
|d CDRC
|e CDRC
|g 501 ESTANTERIA CERRADA
|z 2000-01-21
|
| 942 |
|
|
|c CR
|2 ddc
|
| 999 |
|
|
|c 131501
|d 131501
|